[Event "2. BUNDESLIGA MITTE 2014/2015"]
[Site "Fuerstenfeld"]
[Date "2015.04.19"]
[Round "11"]
[Board "4"]
[White "Wittmann, Walter"]
[Black "Raber, Florian"]
[Result "0-1"]
[WhiteElo "2170"]
[BlackElo "2109"]
[PlyCount "84"]
[EventDate "2014.10.03"]
[EventType "team"]
[EventRounds "11"]
[EventCountry "AUT"]
[WhiteTeam "Union Styria Graz"]
[BlackTeam "SV Steyregg"]

1. e4 c6 2. d4 d5 3. Nd2 dxe4 4. Nxe4 Bf5 5. Ng3 Bg6 6. h4 h6 7. Nf3 Nd7 8. h5
Bh7 9. Bd3 Bxd3 10. Qxd3 e6 11. Bf4 Qa5+ 12. Bd2 Bb4 13. c3 Be7 14. c4 Qc7 15.
Ne4 Ngf6 16. g3 O-O 17. b3 Rad8 18. Kf1 e5 19. Bc3 Ng4 20. d5 Qb6 21. Nh2 f5
22. Nxg4 fxg4 23. Rh2 Nc5 24. Qe2 Rf3 25. Nxc5 Bxc5 26. Qxe5 Rxc3 27. Qxc3 Bd4
28. Qe1 Bxa1 29. Qxa1 cxd5 30. cxd5 Qb5+ 31. Kg1 Qxd5 32. Qe1 Qf3 33. Qe6+ Kh8
34. Rg2 Rd1+ 35. Kh2 Rd8 36. Qe7 Rf8 37. Qc5 a6 38. Qe7 Rf7 39. Qe8+ Kh7 40.
Kh1 Qd1+ 41. Kh2 Qd5 42. Kg1 Qxh5 0-1

[Event "2. BUNDESLIGA MITTE 2014/2015"]
[Site "Fuerstenfeld"]
[Date "2015.04.19"]
[Round "11"]
[Board "5"]
[White "Forstner, Joerg"]
[Black "Manhardt, Thomas"]
[Result "1-0"]
[WhiteElo "2110"]
[BlackElo "2246"]
[PlyCount "77"]
[EventDate "2014.10.03"]
[EventType "team"]
[EventRounds "11"]
[EventCountry "AUT"]
[WhiteTeam "SV Steyregg"]
[BlackTeam "Union Styria Graz"]

1. Nf3 f5 2. g3 Nf6 3. Bg2 g6 4. b3 Bg7 5. Bb2 O-O 6. O-O c5 7. e3 Nc6 8. d4
Ne4 9. Nbd2 d5 10. Ne5 Nxe5 11. dxe5 b5 12. f4 e6 13. Nxe4 fxe4 14. Rf2 Bb7 15.
Rd2 Qb6 16. Qe2 b4 17. a4 a5 18. h4 Ba6 19. Qg4 Rac8 20. Rad1 Rf5 21. h5 gxh5
22. Qh4 Rc6 23. Bh3 Rf7 24. Qxh5 Bf8 25. Kh1 c4 26. Bd4 Bc5 27. f5 exf5 28.
Bxc5 Qxc5 29. Rxd5 Qxe3 30. Rd8+ Kg7 31. R1d6 Rxd6 32. Rxd6 Bc8 33. Kh2 cxb3
34. cxb3 Qf2+ 35. Bg2 Qe3 36. Bh3 h6 37. Qg6+ Kf8 38. Rd8+ Ke7 39. Qd6# 1-0

[Event "2. BUNDESLIGA MITTE 2014/2015"]
[Site "Fuerstenfeld"]
[Date "2015.04.19"]
[Round "11"]
[Board "6"]
[White "Stagl, Marco"]
[Black "Holzmann, Herbert"]
[Result "1/2-1/2"]
[WhiteElo "2104"]
[BlackElo "2041"]
[PlyCount "60"]
[EventDate "2014.10.03"]
[EventType "team"]
[EventRounds "11"]
[EventCountry "AUT"]
[WhiteTeam "Union Styria Graz"]
[BlackTeam "SV Steyregg"]

1. d4 Nf6 2. c4 e6 3. a3 b6 4. Nc3 Bb7 5. Nf3 Be7 6. Qc2 c5 7. dxc5 bxc5 8. Bg5
d5 9. cxd5 exd5 10. e3 O-O 11. Be2 Nbd7 12. O-O h6 13. Bh4 Ne4 14. Bxe7 Qxe7
15. Nxe4 dxe4 16. Nd2 Nf6 17. Rac1 Rfc8 18. Rfd1 Bd5 19. Bc4 Rd8 20. Nb3 Bxc4
21. Rxd8+ Rxd8 22. Qxc4 Qe5 23. Qc2 Rb8 24. h3 c4 25. Nd4 Rc8 26. Qa4 Qc5 27.
Nb3 Qd5 28. Nd4 Qc5 29. Nb3 Qd5 30. Nd4 Qc5 1/2-1/2

[Event "2. BUNDESLIGA MITTE 2014/2015"]
[Site "Fuerstenfeld"]
[Date "2015.04.19"]
[Round "11"]
[Board "1"]
[White "Schmidt, Peter"]
[Black "Hera, Imre"]
[Result "0-1"]
[WhiteElo "2388"]
[BlackElo "2590"]
[PlyCount "96"]
[EventDate "2014.10.03"]
[EventType "team"]
[EventRounds "11"]
[EventCountry "AUT"]
[WhiteTeam "Spg. Sauwald"]
[BlackTeam "Spg.Sparkasse Fuerstenfeld/Hartberg"]

1. Nf3 d5 2. g3 c6 3. Bg2 Bg4 4. c4 e6 5. O-O Nf6 6. cxd5 exd5 7. d3 Be7 8. Qb3
Qb6 9. Qc2 Nbd7 10. Nc3 O-O 11. h3 Bxf3 12. Bxf3 d4 13. Ne4 Nxe4 14. Bxe4 Bd6
15. Rb1 f5 16. Bg2 f4 17. Qc4+ Kh8 18. gxf4 Bxf4 19. Bxf4 Rxf4 20. b4 Re8 21.
e3 Ne5 22. Qc5 dxe3 23. Qxb6 axb6 24. fxe3 Rxf1+ 25. Bxf1 Nf3+ 26. Kf2 Nd2 27.
Rd1 Nxf1 28. Rxf1 Rf8+ 29. Ke2 Rxf1 30. Kxf1 c5 31. Ke2 Kg8 32. Kf3 Kf7 33. Kf4
Kf6 34. h4 g6 35. e4 h6 36. b5 Ke6 37. a4 Kf6 38. Kf3 Ke5 39. Ke3 Ke6 40. Kf3
Ke5 41. Ke3 g5 42. hxg5 hxg5 43. Kf3 Kd4 44. Kg4 c4 45. dxc4 Kxe4 46. c5 Kd4
47. cxb6 Kc4 48. Kxg5 Kb4 0-1

[Event "2. BUNDESLIGA MITTE 2014/2015"]
[Site "Fuerstenfeld"]
[Date "2015.04.19"]
[Round "11"]
[Board "2"]
[White "Freitag, Manfred"]
[Black "Renner, Christoph"]
[Result "1-0"]
[WhiteElo "2379"]
[BlackElo "2351"]
[PlyCount "109"]
[EventDate "2014.10.03"]
[EventType "team"]
[EventRounds "11"]
[EventCountry "AUT"]
[WhiteTeam "Spg.Sparkasse Fuerstenfeld/Hartberg"]
[BlackTeam "Spg. Sauwald"]

1. d4 d5 2. c4 e6 3. Nf3 Nf6 4. g3 Bb4+ 5. Bd2 Be7 6. Bg2 O-O 7. O-O c6 8. Qc2
Nbd7 9. Bf4 b6 10. Nc3 Bb7 11. cxd5 cxd5 12. Nb5 Ne8 13. Rfc1 a6 14. Nc3 Rc8
15. Ne5 Nd6 16. Qb3 Nc4 17. Nxc4 Rxc4 18. Qd1 Bf6 19. e3 Qe7 20. Ne4 Rxc1 21.
Nxf6+ Nxf6 22. Rxc1 Rc8 23. Rxc8+ Bxc8 24. Qc2 Bb7 25. Qc7 Qxc7 26. Bxc7 Nd7
27. Bf1 Kf8 28. Bd3 Ke7 29. f3 f5 30. Kf2 g5 31. h3 h5 32. h4 g4 33. fxg4 hxg4
34. Ke1 Kf6 35. Kd2 Kg6 36. Kc3 Kf6 37. a4 Kg6 38. Kb4 Kf6 39. Bd8+ Kg6 40. Be2
Kg7 41. b3 Kg6 42. Bc7 Kh5 43. Bf4 Kg6 44. Bc7 Kh5 45. a5 b5 46. Bxb5 axb5 47.
Kxb5 Kg6 48. Bf4 Ba8 49. a6 Kh5 50. b4 Kg6 51. Ka4 e5 52. dxe5 Nf8 53. b5 Ne6
54. b6 Nd8 55. Kb5 1-0

[Event "2. BUNDESLIGA MITTE 2014/2015"]
[Site "Fuerstenfeld"]
[Date "2015.04.19"]
[Round "11"]
[Board "3"]
[White "Hiermann, Dietmar"]
[Black "Kuba, Guenter"]
[Result "0-1"]
[WhiteElo "2290"]
[BlackElo "2374"]
[PlyCount "76"]
[EventDate "2014.10.03"]
[EventType "team"]
[EventRounds "11"]
[EventCountry "AUT"]
[WhiteTeam "Spg. Sauwald"]
[BlackTeam "Spg.Sparkasse Fuerstenfeld/Hartberg"]

1. e4 e5 2. Nf3 Nc6 3. Bc4 Bc5 4. c3 Nf6 5. d3 a6 6. Nbd2 O-O 7. Bb3 h6 8. O-O
d6 9. h3 Ba7 10. Re1 Ne7 11. Nh4 Be6 12. Qf3 Qd7 13. Nf1 Nh7 14. Ng3 Ng5 15.
Bxg5 hxg5 16. Nhf5 Bxb3 17. axb3 g6 18. Nxe7+ Qxe7 19. Rad1 Qe6 20. b4 Kg7 21.
d4 Rh8 22. Qe2 Rh4 23. f3 Rah8 24. Nh1 Qf6 25. Qe3 Qe7 26. Qd2 f6 27. Nf2 Bb6
28. Kf1 Qe6 29. dxe5 Qxe5 30. Qd5 Qg3 31. Rd4 Bxd4 32. cxd4 c6 33. Qe6 Rf8 34.
e5 fxe5 35. dxe5 Rxb4 36. b3 Rd4 37. Ng4 Rd2 38. Re2 Rd1+ 0-1

[Event "2. BUNDESLIGA MITTE 2014/2015"]
[Site "Fuerstenfeld"]
[Date "2015.04.19"]
[Round "11"]
[Board "4"]
[White "Radnetter, Georg"]
[Black "Testor, Sebastian"]
[Result "1-0"]
[WhiteElo "2256"]
[BlackElo "2286"]
[PlyCount "71"]
[EventDate "2014.10.03"]
[EventType "team"]
[EventRounds "11"]
[EventCountry "AUT"]
[WhiteTeam "Spg.Sparkasse Fuerstenfeld/Hartberg"]
[BlackTeam "Spg. Sauwald"]

1. Nf3 Nf6 2. g3 b5 3. Bg2 Bb7 4. O-O e6 5. c3 c5 6. Qb3 a6 7. a4 b4 8. d4 Nc6
9. Bf4 cxd4 10. cxb4 Bxb4 11. Ne5 Qe7 12. Nd3 a5 13. Na3 O-O 14. Nb5 d5 15.
Nxb4 Qxb4 16. Qxb4 Nxb4 17. Nxd4 Rfc8 18. Rfc1 Nd7 19. Bd6 Nc6 20. Nb5 Nce5 21.
Nc7 Rab8 22. b3 Nc6 23. e3 Nf6 24. Nb5 Ra8 25. Nc7 Rab8 26. Ra2 Nb4 27. Bxb4
axb4 28. Rac2 Ne4 29. Bxe4 dxe4 30. Rc4 Bd5 31. Nxd5 Rxc4 32. Rxc4 exd5 33. Rd4
Kf8 34. Rxd5 Rb7 35. Re5 Re7 36. Rb5 1-0

[Event "2. BUNDESLIGA MITTE 2014/2015"]
[Site "Fuerstenfeld"]
[Date "2015.04.19"]
[Round "11"]
[Board "5"]
[White "Hellmayr, Alois"]
[Black "Stradner, Stefan"]
[Result "1-0"]
[WhiteElo "2237"]
[BlackElo "2190"]
[PlyCount "105"]
[EventDate "2014.10.03"]
[EventType "team"]
[EventRounds "11"]
[EventCountry "AUT"]
[WhiteTeam "Spg. Sauwald"]
[BlackTeam "Spg.Sparkasse Fuerstenfeld/Hartberg"]

1. Nf3 Nf6 2. g3 g6 3. Bg2 Bg7 4. d4 O-O 5. O-O d6 6. a4 Nbd7 7. Nc3 c5 8. d5
Nb6 9. e4 e5 10. Nd2 Bd7 11. Qe2 Nh5 12. a5 Nc8 13. Nc4 Rb8 14. Bf3 Nf6 15. Bg2
Nh5 16. Bd2 Qe8 17. f4 b5 18. axb6 axb6 19. f5 b5 20. Ne3 b4 21. Ncd1 Bb5 22.
Nc4 Bxc4 23. Qxc4 Nf6 24. Qe2 Qb5 25. Qxb5 Rxb5 26. b3 Ne8 27. g4 f6 28. Nb2 g5
29. Ra2 Nc7 30. Rfa1 Rb8 31. Bf1 Rf7 32. Kf2 Bf8 33. Be2 Nb6 34. Nc4 Nxc4 35.
Bxc4 Nb5 36. Bxb5 Rxb5 37. h4 h6 38. h5 Rfb7 39. Ke2 Kf7 40. Kd3 Rc7 41. Kc4
Rbb7 42. Ra8 Kg7 43. Be3 Be7 44. R8a6 Rd7 45. Bd2 Rbc7 46. c3 bxc3 47. Bxc3 Rb7
48. Ba5 Bf8 49. Bb6 Be7 50. Ra7 Kf7 51. Kb5 Rxa7 52. Rxa7 Ke8 53. Ra8+ 1-0

[Event "2. BUNDESLIGA MITTE 2014/2015"]
[Site "Fuerstenfeld"]
[Date "2015.04.19"]
[Round "11"]
[Board "6"]
[White "Hatzl, Johannes"]
[Black "Taggatz, Mario"]
[Result "1-0"]
[WhiteElo "2101"]
[BlackElo "2193"]
[PlyCount "67"]
[EventDate "2014.10.03"]
[EventType "team"]
[EventRounds "11"]
[EventCountry "AUT"]
[WhiteTeam "Spg.Sparkasse Fuerstenfeld/Hartberg"]
[BlackTeam "Spg. Sauwald"]

1. e4 c6 2. d4 d5 3. Nc3 dxe4 4. Nxe4 Bf5 5. Ng3 Bg6 6. h4 h6 7. Nh3 e6 8. Nf4
Bh7 9. Bc4 Nf6 10. O-O Nd5 11. Bxd5 cxd5 12. c4 dxc4 13. Qh5 Qd6 14. Re1 g6 15.
Qf3 Nd7 16. Ne4 Qa6 17. Bd2 Be7 18. d5 O-O-O 19. dxe6 fxe6 20. Qh3 g5 21. Qxe6
Qxe6 22. Nxe6 Rde8 23. hxg5 hxg5 24. N4xg5 Bg8 25. Ng7 Bd5 26. Nxe8 Rxe8 27.
Bb4 Bxb4 28. Rxe8+ Kc7 29. Rd1 Nb6 30. Re5 Kd6 31. Nf7+ Kc6 32. Rf5 Be7 33.
Ne5+ Kc7 34. Ng6 1-0

[Event "2. BUNDESLIGA MITTE 2014/2015"]
[Site "Fuerstenfeld"]
[Date "2015.04.19"]
[Round "11"]
[Board "1"]
[White "Gonda, Laszlo"]
[Black "Horvath, Adam"]
[Result "1-0"]
[WhiteElo "2548"]
[BlackElo "2530"]
[PlyCount "71"]
[EventDate "2014.10.03"]
[EventType "team"]
[EventRounds "11"]
[EventCountry "AUT"]
[WhiteTeam "ASK St. Valentin"]
[BlackTeam "RbEJ Gleisdorf"]

1. Nf3 c5 2. c4 Nc6 3. Nc3 g6 4. e3 Nf6 5. d4 cxd4 6. exd4 d5 7. cxd5 Nxd5 8.
Qb3 e6 9. Bb5 Bg7 10. O-O O-O 11. Bxc6 Nxc3 12. bxc3 bxc6 13. Ba3 Re8 14. Qa4
a5 15. Qxc6 Ba6 16. Rfe1 Qc8 17. Qc5 Bf8 18. Qxc8 Rexc8 19. Bxf8 Kxf8 20. Re3
Rab8 21. h4 Bb7 22. Ne5 Ke7 23. Rc1 Rc7 24. Rb1 Rbc8 25. Nd3 Bd5 26. Nc5 Bxa2
27. Ra1 Bc4 28. Rxa5 Rb8 29. Re1 Rb2 30. Rea1 Bd5 31. Ra7 Rxa7 32. Rxa7+ Ke8
33. Nd7 h6 34. Ne5 Bb7 35. c4 Rb1+ 36. Kh2 1-0

[Event "2. BUNDESLIGA MITTE 2014/2015"]
[Site "Fuerstenfeld"]
[Date "2015.04.19"]
[Round "11"]
[Board "2"]
[White "Frosch, Ronald"]
[Black "Flumbort, Andras"]
[Result "1-0"]
[WhiteElo "2196"]
[BlackElo "2462"]
[PlyCount "57"]
[EventDate "2014.10.03"]
[EventType "team"]
[EventRounds "11"]
[EventCountry "AUT"]
[WhiteTeam "RbEJ Gleisdorf"]
[BlackTeam "ASK St. Valentin"]

1. d4 Nf6 2. Nf3 g6 3. e3 Bg7 4. Be2 c5 5. O-O O-O 6. c4 cxd4 7. exd4 d5 8. c5
Nc6 9. Nc3 Ne4 10. Be3 Bf5 11. Qa4 Qd7 12. Rfd1 Rfd8 13. Rac1 Rac8 14. Qa3 Qc7
15. b4 Nxc3 16. Qxc3 e5 17. b5 e4 18. Ne1 Ne7 19. Qa3 Be6 20. Nc2 Nf5 21. Nb4
Ra8 22. Qb3 Qe7 23. a4 Nxe3 24. fxe3 f5 25. a5 Rac8 26. a6 g5 27. b6 axb6 28.
axb7 Rc7 29. c6 1-0

[Event "2. BUNDESLIGA MITTE 2014/2015"]
[Site "Fuerstenfeld"]
[Date "2015.04.19"]
[Round "11"]
[Board "3"]
[White "Sandhoefner, Florian"]
[Black "Wegerer, Fred"]
[Result "1-0"]
[WhiteElo "2336"]
[BlackElo "2157"]
[PlyCount "39"]
[EventDate "2014.10.03"]
[EventType "team"]
[EventRounds "11"]
[EventCountry "AUT"]
[WhiteTeam "ASK St. Valentin"]
[BlackTeam "RbEJ Gleisdorf"]

1. d4 Nf6 2. c4 d6 3. Nc3 Nbd7 4. e4 e5 5. Nf3 Be7 6. Be2 O-O 7. O-O h6 8. Qc2
Nh7 9. Be3 Ng5 10. Nxg5 Bxg5 11. f4 exf4 12. Bxf4 Bxf4 13. Rxf4 c5 14. Qd3 cxd4
15. Qxd4 Nc5 16. Rff1 Re8 17. Rad1 Qg5 18. Qxd6 Be6 19. Qf4 Rac8 20. Qxg5 {
unleserlich} 1-0

[Event "2. BUNDESLIGA MITTE 2014/2015"]
[Site "Fuerstenfeld"]
[Date "2015.04.19"]
[Round "11"]
[Board "4"]
[White "Watzka, Horst"]
[Black "Kranzl, Peter"]
[Result "1/2-1/2"]
[WhiteElo "2235"]
[BlackElo "2215"]
[PlyCount "59"]
[EventDate "2014.10.03"]
[EventType "team"]
[EventRounds "11"]
[EventCountry "AUT"]
[WhiteTeam "RbEJ Gleisdorf"]
[BlackTeam "ASK St. Valentin"]

1. e4 c6 2. c4 d5 3. exd5 cxd5 4. cxd5 Nf6 5. Nc3 g6 6. d4 Bg7 7. Bb5+ Nbd7 8.
d6 exd6 9. Qe2+ Qe7 10. Bf4 Qxe2+ 11. Ngxe2 Ke7 12. O-O Nb6 13. Rfe1 Be6 14.
Bd3 Rhd8 15. Bg3 Kf8 16. Rac1 a6 17. Nf4 Bd7 18. Rcd1 Bc6 19. Be2 h6 20. h4
Rac8 21. Bf1 Na4 22. Nxa4 Bxa4 23. b3 Bd7 24. Bd3 Bc6 25. f3 Re8 26. Rxe8+ Nxe8
27. Bf2 Nf6 28. Rc1 Bd7 29. Rxc8+ Bxc8 30. Ne2 1/2-1/2

[Event "2. BUNDESLIGA MITTE 2014/2015"]
[Site "Fuerstenfeld"]
[Date "2015.04.19"]
[Round "11"]
[Board "5"]
[White "Theuretzbacher, Klaus"]
[Black "Wanderer, Thomas"]
[Result "1/2-1/2"]
[WhiteElo "2240"]
[BlackElo "2164"]
[PlyCount "62"]
[EventDate "2014.10.03"]
[EventType "team"]
[EventRounds "11"]
[EventCountry "AUT"]
[WhiteTeam "ASK St. Valentin"]
[BlackTeam "RbEJ Gleisdorf"]

1. e4 c5 2. b3 e6 3. Bb2 d6 4. f4 Nf6 5. d3 Be7 6. Nf3 O-O 7. g3 a6 8. Bg2 b5
9. Nbd2 Bb7 10. Qe2 Qb6 11. O-O Nc6 12. Kh1 Nd7 13. Qf2 Bf6 14. Bxf6 Nxf6 15.
h3 Nd7 16. h4 Rac8 17. Bh3 Nb4 18. Ne1 d5 19. Bg2 dxe4 20. Nxe4 Nd5 21. Nf3
N7f6 22. Ne5 Rfd8 23. Rae1 Nxe4 24. dxe4 Nf6 25. c3 Qc7 26. Re3 a5 27. Rc1 c4
28. Qe2 Qc5 29. bxc4 Qxc4 30. Rb1 Ba8 31. Bf3 Nd7 1/2-1/2

[Event "2. BUNDESLIGA MITTE 2014/2015"]
[Site "Fuerstenfeld"]
[Date "2015.04.19"]
[Round "11"]
[Board "6"]
[White "Knoll, Martin"]
[Black "Heimberger, Reinhard"]
[Result "0-1"]
[WhiteElo "2017"]
[BlackElo "2254"]
[PlyCount "60"]
[EventDate "2014.10.03"]
[EventType "team"]
[EventRounds "11"]
[EventCountry "AUT"]
[WhiteTeam "RbEJ Gleisdorf"]
[BlackTeam "ASK St. Valentin"]

1. d4 d5 2. c4 c6 3. cxd5 cxd5 4. Nc3 Nf6 5. Nf3 e6 6. Bf4 Bd6 7. Bxd6 Qxd6 8.
e3 a6 9. Bd3 O-O 10. Rc1 Nbd7 11. O-O e5 12. dxe5 Nxe5 13. Be2 Be6 14. Qd4 Nc6
15. Qh4 Rfd8 16. Rfd1 Ne7 17. Bd3 Nf5 18. Bxf5 Bxf5 19. Rd4 Qb6 20. Rb4 Qc7 21.
Ne2 Qe7 22. Rd4 Be4 23. Ng3 Rac8 24. Rdd1 Rxc1 25. Rxc1 Qb4 26. h3 Qxb2 27. Rc7
Qb1+ 28. Kh2 Qxa2 29. Nxe4 dxe4 30. Ng5 Qd5 0-1

[Event "2. BUNDESLIGA MITTE 2014/2015"]
[Site "Fuerstenfeld"]
[Date "2015.04.19"]
[Round "11"]
[Board "1"]
[White "Burlacu, Bogdan"]
[Black "Schachinger, Mario"]
[Result "0-1"]
[WhiteElo "2309"]
[BlackElo "2414"]
[PlyCount "148"]
[EventDate "2014.10.03"]
[EventType "team"]
[EventRounds "11"]
[EventCountry "AUT"]
[WhiteTeam "Union Hartkirchen - Sektion Schach"]
[BlackTeam "SC MPOE Maria Saal II"]

1. e4 e5 2. Nf3 Nc6 3. Bb5 Nf6 4. d3 Bc5 5. O-O Nd4 6. Nxd4 Bxd4 7. c3 Bb6 8.
Ba4 O-O 9. Bg5 h6 10. Bh4 g5 11. Bg3 d6 12. Kh1 Be6 13. Bc2 Ne8 14. Nd2 c6 15.
Nc4 Bc7 16. Ne3 Ng7 17. d4 Qf6 18. Bb3 Rad8 19. Bxe6 Qxe6 20. d5 Qg6 21. Qa4
Bb6 22. dxc6 bxc6 23. Qxc6 Bxe3 24. fxe3 Rb8 25. Rf2 Qe6 26. Rd2 Rb6 27. Qd5
Rc8 28. Rf1 Qxd5 29. exd5 f5 30. Rc1 f4 31. Bf2 Ra6 32. b3 e4 33. c4 Nf5 34.
Re1 Re8 35. Rde2 f3 36. gxf3 exf3 37. Rc2 Re4 38. b4 Ra4 39. Rb1 g4 40. Kg1 h5
41. Rb3 h4 42. a3 g3 43. hxg3 hxg3 44. Bxg3 Rg4 45. Rh2 Nxg3 46. Kf2 Nf5 47.
Kxf3 Rxc4 48. Rh5 Nh4+ 49. Ke2 Ng6 50. Kd3 Rc7 51. Ke4 Kg7 52. Kd4 a5 53. Rh2
axb4 54. axb4 Ra1 55. e4 Rd1+ 56. Ke3 Re7 57. b5 Re1+ 58. Re2 Rxe2+ 59. Kxe2
Rxe4+ 60. Kd3 Re7 61. Kc4 Re4+ 62. Kd3 Re8 63. Kc4 Ne5+ 64. Kb4 Nd7 65. Rc3 Kf6
66. Rf3+ Ke7 67. Ra3 Rb8 68. Ra7 Kd8 69. Ka5 Kc8 70. Ka6 Rb6+ 71. Ka5 Rb7 72.
Ra8+ Kc7 73. Rh8 Ra7+ 74. Kb4 Nc5 0-1

[Event "2. BUNDESLIGA MITTE 2014/2015"]
[Site "Fuerstenfeld"]
[Date "2015.04.19"]
[Round "11"]
[Board "2"]
[White "Handler, Lukas"]
[Black "Jurek, Josef"]
[Result "1-0"]
[WhiteElo "2389"]
[BlackElo "2308"]
[PlyCount "41"]
[EventDate "2014.10.03"]
[EventType "team"]
[EventRounds "11"]
[EventCountry "AUT"]
[WhiteTeam "SC MPOE Maria Saal II"]
[BlackTeam "Union Hartkirchen - Sektion Schach"]

1. d4 Nf6 2. c4 e6 3. Nf3 b6 4. g3 Ba6 5. b3 Bb4+ 6. Bd2 Be7 7. Bg2 c6 8. O-O
d5 9. Qc2 Nbd7 10. a4 O-O 11. Rd1 Bd6 12. Bc3 Qe7 13. Nbd2 c5 14. e4 Nxe4 15.
Nxe4 dxe4 16. Qxe4 Rac8 17. dxc5 Bxc5 18. b4 Bxb4 19. Bxb4 Qxb4 20. Rxd7 Rxc4
21. Qe1 1-0

[Event "2. BUNDESLIGA MITTE 2014/2015"]
[Site "Fuerstenfeld"]
[Date "2015.04.19"]
[Round "11"]
[Board "3"]
[White "Konrad, Edmund"]
[Black "Hartl, Daniel"]
[Result "1/2-1/2"]
[WhiteElo "2187"]
[BlackElo "2265"]
[PlyCount "59"]
[EventDate "2014.10.03"]
[EventType "team"]
[EventRounds "11"]
[EventCountry "AUT"]
[WhiteTeam "Union Hartkirchen - Sektion Schach"]
[BlackTeam "SC MPOE Maria Saal II"]

1. e4 e5 2. Nf3 Nc6 3. Bb5 a6 4. Ba4 Nf6 5. O-O b5 6. Bb3 Bc5 7. c3 d6 8. d3
O-O 9. h3 h6 10. Re1 Bb7 11. Nbd2 Re8 12. Nf1 Qd7 13. Nh4 Ne7 14. Qf3 Kh7 15.
Ng3 d5 16. Bc2 Ng6 17. Nhf5 Qc6 18. Bd2 Rad8 19. Rad1 Rd7 20. a3 Red8 21. Bc1
Bb6 22. Bb1 dxe4 23. dxe4 Qe6 24. Bc2 Qc6 25. Bb1 Qe6 26. Bc2 Qc6 27. Bb1 Rxd1
28. Rxd1 Rxd1+ 29. Qxd1 Nf4 30. Be3 1/2-1/2

[Event "2. BUNDESLIGA MITTE 2014/2015"]
[Site "Fuerstenfeld"]
[Date "2015.04.19"]
[Round "11"]
[Board "4"]
[White "Halvax, Georg"]
[Black "Windhager, Hannes"]
[Result "1/2-1/2"]
[WhiteElo "2360"]
[BlackElo "2187"]
[PlyCount "76"]
[EventDate "2014.10.03"]
[EventType "team"]
[EventRounds "11"]
[EventCountry "AUT"]
[WhiteTeam "SC MPOE Maria Saal II"]
[BlackTeam "Union Hartkirchen - Sektion Schach"]

1. d4 Nf6 2. Nc3 d5 3. Bf4 c6 4. e3 Bf5 5. f3 e6 6. g4 Bg6 7. h4 h6 8. h5 Bh7
9. Bd3 Bxd3 10. Qxd3 Bd6 11. Nge2 Bxf4 12. exf4 Qd6 13. O-O-O Nbd7 14. Qe3
O-O-O 15. Kb1 Kb8 16. Nc1 c5 17. Nd3 cxd4 18. Qxd4 Qc6 19. Qb4 Rc8 20. Rc1 Ne8
21. Ne2 Qd6 22. Qd4 Qb6 23. g5 Qxd4 24. Nxd4 Nc7 25. Rcg1 Rcg8 26. c3 Kc8 27.
Ne5 Nxe5 28. fxe5 hxg5 29. Rxg5 f6 30. Rg6 fxe5 31. Nxe6 Nxe6 32. Rxe6 Re8 33.
Rg6 Re7 34. Rg5 Rf8 35. Re1 e4 36. fxe4 dxe4 37. Rg4 e3 38. Rg3 e2 1/2-1/2

[Event "2. BUNDESLIGA MITTE 2014/2015"]
[Site "Fuerstenfeld"]
[Date "2015.04.19"]
[Round "11"]
[Board "5"]
[White "Mayerhofer, Peter"]
[Black "Tomazini, Zan"]
[Result "1/2-1/2"]
[WhiteElo "2190"]
[BlackElo "2392"]
[PlyCount "88"]
[EventDate "2014.10.03"]
[EventType "team"]
[EventRounds "11"]
[EventCountry "AUT"]
[WhiteTeam "Union Hartkirchen - Sektion Schach"]
[BlackTeam "SC MPOE Maria Saal II"]

1. e4 e5 2. Nf3 Nc6 3. d4 exd4 4. Bc4 Nf6 5. O-O Nxe4 6. Re1 d5 7. Bxd5 Qxd5 8.
Nc3 Qh5 9. Nxe4 Be6 10. Bg5 Bd6 11. Nxd6+ cxd6 12. Bf4 O-O 13. Nxd4 Qxd1 14.
Raxd1 Nxd4 15. Rxd4 Rac8 16. c3 Bxa2 17. Bxd6 Rfe8 18. Rxe8+ Rxe8 19. Be7 f6
20. Rd8 Rxd8 21. Bxd8 Kf7 22. Kf1 Ke6 23. Ke2 Kd5 24. Kd2 Kc4 25. Kc2 Bb3+ 26.
Kd2 Ba4 27. Bc7 Bc6 28. g3 Kb3 29. Kc1 Bd7 30. Bb8 a6 31. Ba7 Bh3 32. Bc5 f5
33. Bd4 g6 34. Bg7 Kc4 35. Kd2 Kd5 36. Ke3 Ke6 37. Kd4 g5 38. Bh6 Kf6 39. f4
gxf4 40. Bxf4 Kg6 41. Bc7 Kg5 42. Ke3 Kg4 43. Bd6 Bg2 44. h4 Bd5 1/2-1/2

[Event "2. BUNDESLIGA MITTE 2014/2015"]
[Site "Fuerstenfeld"]
[Date "2015.04.19"]
[Round "11"]
[Board "6"]
[White "Ertl, Johann"]
[Black "Kleibel, Uwe"]
[Result "1-0"]
[WhiteElo "2277"]
[BlackElo "2210"]
[PlyCount "53"]
[EventDate "2014.10.03"]
[EventType "team"]
[EventRounds "11"]
[EventCountry "AUT"]
[WhiteTeam "SC MPOE Maria Saal II"]
[BlackTeam "Union Hartkirchen - Sektion Schach"]

1. e4 d6 2. d4 Nf6 3. Nc3 e5 4. Nf3 Nbd7 5. Bc4 Be7 6. O-O O-O 7. Re1 a6 8. a4
b6 9. b3 c6 10. Bb2 Qc7 11. Bd3 Re8 12. Ne2 Bf8 13. Ng3 g6 14. Qd2 Bb7 15. h4
h5 16. Ng5 b5 17. axb5 axb5 18. c4 exd4 19. Bxd4 bxc4 20. Bxc4 d5 21. exd5 cxd5
22. Bd3 Bg7 23. Rxa8 Bxa8 24. Rxe8+ Nxe8 25. Qe3 Qd8 26. Bxg6 Ne5 27. Bh7+ 1-0

[Event "2. BUNDESLIGA MITTE 2014/2015"]
[Site "Fuerstenfeld"]
[Date "2015.04.19"]
[Round "11"]
[Board "1"]
[White "Pilaj, Herwig"]
[Black "Krebs, Johann"]
[Result "1-0"]
[WhiteElo "2388"]
[BlackElo "2265"]
[PlyCount "69"]
[EventDate "2014.10.03"]
[EventType "team"]
[EventRounds "11"]
[EventCountry "AUT"]
[WhiteTeam "SC Die Klagenfurter"]
[BlackTeam "Strassenbahn Graz"]

1. e4 c5 2. Nf3 Nc6 3. Bb5 g6 4. O-O Bg7 5. Re1 Nf6 6. e5 Nd5 7. Nc3 Nc7 8.
Bxc6 dxc6 9. Ne4 b6 10. Nf6+ Kf8 11. Ne4 h6 12. d3 Ne6 13. h4 Kg8 14. h5 g5 15.
Ng3 Nd4 16. Nxd4 Qxd4 17. Re4 Qd5 18. c4 Qd8 19. f4 gxf4 20. Bxf4 Be6 21. Qf3
Qd7 22. Rf1 Bg4 23. Qf2 Rd8 24. Bd2 Be6 25. Re3 Rh7 26. Bc3 Bf8 27. Ne2 Rg7 28.
Nf4 Rg5 29. Nxe6 Qxe6 30. Rf3 Bg7 31. Rxf7 Rxd3 32. Rf8+ Kh7 33. Qc2 Qh3 34.
R8f3 Rg3 35. Qxd3+ 1-0

[Event "2. BUNDESLIGA MITTE 2014/2015"]
[Site "Fuerstenfeld"]
[Date "2015.04.19"]
[Round "11"]
[Board "2"]
[White "Steiner, Stefan"]
[Black "Petschar, Kurt"]
[Result "1-0"]
[WhiteElo "2269"]
[BlackElo "2271"]
[PlyCount "101"]
[EventDate "2014.10.03"]
[EventType "team"]
[EventRounds "11"]
[EventCountry "AUT"]
[WhiteTeam "Strassenbahn Graz"]
[BlackTeam "SC Die Klagenfurter"]

1. d4 Nf6 2. Nf3 e6 3. c4 Bb4+ 4. Bd2 a5 5. g3 O-O 6. Bg2 d5 7. Qc2 Nc6 8. O-O
dxc4 9. Qxc4 Qd5 10. Qxd5 exd5 11. Bf4 Bg4 12. e3 Rfc8 13. Ne5 Be6 14. Nxc6
bxc6 15. Rc1 Bd7 16. Nc3 Nh5 17. Na4 Nxf4 18. gxf4 Rab8 19. b3 Ba3 20. Rc2 g6
21. Bf1 Rd8 22. Bd3 Be8 23. Rb1 Kf8 24. Nc5 Ke7 25. Kg2 Rb6 26. h4 Ra8 27. Na4
Rbb8 28. Rh1 Bd7 29. h5 Rh8 30. Nc5 Bxc5 31. Rxc5 Rhb8 32. hxg6 hxg6 33. Rb1
Kd6 34. a3 Rh8 35. Rh1 Rxh1 36. Kxh1 Bg4 37. Bc2 Bf3+ 38. Kh2 f5 39. Kg3 Be4
40. Bxe4 fxe4 41. Kg4 Rb8 42. Rc3 Rh8 43. Kg5 Rh2 44. Kxg6 Rxf2 45. f5 Rg2+ 46.
Kf7 Rg3 47. f6 c5 48. dxc5+ Kd7 49. b4 axb4 50. axb4 d4 51. Rc4 1-0